BIOCHEMISTRY : WITH BIOMEDICAL CONCEPTS, CLINICAL CORRELATES AND CASE STUDIES (Record no. 7448)

MARC details
000 -LEADER
fixed length control field 00505nam a22001817a 4500
005 - DATE AND TIME OF LATEST TRANSACTION
control field 20210825114858.0
008 - FIXED-LENGTH DATA ELEMENTS--GENERAL INFORMATION
fixed length control field 210218b ||||| |||| 00| 0 eng d
020 ## - INTERNATIONAL STANDARD BOOK NUMBER
ISBN 978-81-312-6235-5
041 ## - LANGUAGE CODE
Language code of text/sound track or separate title eng
082 ## - DEWEY DECIMAL CLASSIFICATION NUMBER
Classification number 615.19
100 ## - MAIN ENTRY--AUTHOR NAME
Personal name SATYANARAYAN ,D.U AND CHAKRAPANI ,DR, U
245 ## - TITLE STATEMENT
Title BIOCHEMISTRY : WITH BIOMEDICAL CONCEPTS, CLINICAL CORRELATES AND CASE STUDIES
250 ## - EDITION STATEMENT
Edition statement 5th ed
260 ## - PUBLICATION, DISTRIBUTION, ETC. (IMPRINT)
Place of publication HARYANA
Name of publisher ELSEVIER
Year of publication 2017
300 ## - PHYSICAL DESCRIPTION
Number of Pages 777,p
650 ## - SUBJECT ADDED ENTRY--TOPICAL TERM
Topical Term PHARMACY
942 ## - ADDED ENTRY ELEMENTS (KOHA)
Koha item type Books
Holdings
Lost status Damaged status Collection code Home library Current library Shelving location Date acquired Source of acquisition Cost, normal purchase price Full call number Accession Number Koha item type
    PHARMACY JRU Library JRU Library SHELF-28-D 18/02/2021 PURCHES / LBI - 1710 / 11-2-21 1535.00 615.19 25501 Books
    PHARMACY JRU Library JRU Library SHELF-28-D 18/02/2021 PURCHES / LBI - 1710 / 11-2-21 1535.00 615.19 25502 Books
    PHARMACY JRU Library JRU Library SHELF-28-D 18/02/2021 PURCHES / LBI - 1710 / 11-2-21 1535.00 615.19 25503 Books
    PHARMACY JRU Library JRU Library SHELF-28-D 18/02/2021 PURCHES / LBI - 1710 / 11-2-21 1535.00 615.19 25504 Books
    PHARMACY JRU Library JRU Library SHELF-28-D 18/02/2021 PURCHES / LBI - 1710 / 11-2-21 1535.00 615.19 25505 Books
    Reference JRU Library JRU Library SHELF- 8 - C 20/01/2022 PURCHASE 1595.00 615.19 25926 Books
    PHYSIOTHERAPY JRU Library JRU Library SHELF-28-D 20/01/2022 PURCHASE 1595.00 615.19 25927 Books
    PHYSIOTHERAPY JRU Library JRU Library SHELF-28-D 20/01/2022 PURCHASE 1595.00 615.19 25928 Books
    PHYSIOTHERAPY JRU Library JRU Library SHELF-28-D 20/01/2022 PURCHASE 1595.00 615.19 25929 Books
    PHYSIOTHERAPY JRU Library JRU Library SHELF-28-D 20/01/2022 PURCHASE 1595.00 615.19 25930 Books